Classifica Marcatori Premier League 2012-2013 - Statistics

Statistiche generali
  • Questo quiz è stato fatto 23 volte
  • Il punteggio medio è 10 su 17
Statistiche sulle risposte
Gol Nazione Squadra Calciatore % Corretto
23 Uruguay Liverpool Luis Suárez
100%
15 Senegal Newcastle Utd (13), Chelsea (2) Demba Ba
95%
14 Bosnia ed Erzegovina Manchester City Edin Džeko
95%
12 Argentina Manchester City Sergio Agüero
95%
21 Galles Tottenham Gareth Bale
90%
26 Paesi Bassi Manchester Utd Robin van Persie
90%
12 Inghilterra Manchester Utd Wayne Rooney
75%
17 Belgio West Bromwich Romelu Lukaku
70%
15 Bulgaria Fulham Dimităr Berbatov
55%
19 Belgio Aston Villa Christian Benteke
45%
12 Spagna Chelsea Juan Mata
45%
15 Inghilterra Chelsea Frank Lampard
35%
18 Spagna Swansea City Michu
35%
14 Inghilterra Arsenal Theo Walcott
35%
12 Spagna Arsenal Santi Cazorla
25%
12 Inghilterra Reading Adam le Fondre
0%
15 Inghilterra Southampton Rickie Lambert
0%
Nessun quiz corrispondente trovato
Distribuzione punteggi
Percentuale di utenti per punteggio
Percentile per numero di risposta
I tuoi punteggi nel tempo
Non hai fatto questo quiz